000 00566nam a2200217 a 4500
001 718
003 Mx-PuUPA
005 20260116101355.0
008 140415s1977 mx 000 0 spa d
040 _cMx-PuUPA
041 _aspa
082 _a330.12
_bBAR
245 0 0 _aINTRODUCCION A LA ECONOMIA UN ENFOQUE ESTRUCTURALISTA.
250 _a24a ed
260 _aMEXICO :
_bSIGLO VEINTIUNO,
_c1977.
300 _a164.
650 1 4 _aCUESTION MONETARIA
_xECONOMIA
700 1 _aCLAUDIO COLOMBANI
_etr.
700 1 _aBARROS DE CASTRO, ANTONIO
_ecoaut.
942 _2ddc
_cLI
999 _c718
_d718